Регионална библиотека "Любен Каравелов" - Русе

Флора на Народна република България (Запис номер 188658)

MARC детайли
000 -Лидер
Контролно поле с фиксирана дължина nam a22 a 4500
003 - Код на организацията, давaща контролен номер
Контролно поле BLK
005 - Дата и час на последна редакция
Контролно поле 20220328133627.0
008 - Елементи от данни с фиксирана дължина
fixed length control field 180411b bul|||||r ||||||| ||bul||
010 ## - Наследен системен номер
LC control number KNG00197677000
040 ## - Източник на каталожния запис
Идентификатор на билиотеката - собственик на записа BLK
041 ## - Код за език
Код за езика на текст/звукозапис или на отделно заглавие Български
Код за езика КДБФ Български
080 ## - УДК
Текстов определител УДК Флора. География на растенията (фитогеография). Подразделя се с общите определители на място (Табл. Іe). Вж и 581.5
УДК код - определител по УДК 581.9
УДК определител (497.2)
УДК - код + определител 581.9(497.2)
139 ## - Редно поле
Редна дума Флора на Народна република България
Авторски знак Флор - Ф 64
245 10 - Сведения за заглавието
Заглавие Флора на Народна република България
Подзаглавни данни Т. 1 -
Редно поле (дума) ред. Велчо Велчев.
Том Т. 9
257 ## - Страна на издаване
Страна на създаване/издаване България
260 ## - Област на издателските данни
Място на издаване, разпространение и проч. София
Име на издателя, разпространителя и проч. БАН
Година на издаване 1963 -
300 ## - Физическа характеристика
Размери/Мащаб 24 см
380 ## - Жанр
Жанр Естествени науки. Математика
500 ## - Общи забележки
Забележка Изд. на БАН. Инст. по ботаника с ботан. градина
650 #4 - Допълнително описание по предмет – тема
Основно описание – тема или топоним Растения - България - систематика
9 (RLIN) 255640
700 1# - Други автори (авторска отговорност)
Лично име Велчев, Велчо
Автороска отговорност (Описва отношението между автора и произведението) ред.
9 (RLIN) 384637
760 1# - Описание на основната серия
Място на издаване, издател и година 1989
Страници - том 541 с.
Забележка - том Съдържа и Бълг.-лат. речник по ботан. термини. - Азб. показалец.
Заглавие Т. 9
852 ## - Местоположение
Форматна сигнатура Цб 28585
Фондова буква Хранилище
856 4# - Електронен адрес и достъп
Електронен формат pdf - файл
856 4# - Електронен адрес и достъп
Електронен формат pdf - файл
999 ## - СИСТЕМНИ КОНТРОЛНИ НОМЕРА
Koha biblionumber 188658
Koha biblioitemnumber 188658
942 ## - АРТИКУЛИ
Вид на библиотечния материал Книги
Скрит в OPAC Не
Периодичен библиозапис Да
944 ## - СЪЗДАВАНЕ И РЕДАКЦИЯ на ЗАПИСА
Създаване/Редакция Създаване
Дата на регистрацията/редакция 09.12.2016
Служител, извършил регистрацията/редакцията Силвестър_Спасов
944 ## - СЪЗДАВАНЕ И РЕДАКЦИЯ на ЗАПИСА
Създаване/Редакция Редакция
Дата на регистрацията/редакция 09.12.2016
Служител, извършил регистрацията/редакцията Геновева_Генчева
Наличности
Код за отписване Код за изгубен артикул Източник на класификационната схема Код за повреда Коз за рестрикции Код за отдаване Артикулен № Име на библиотеката - собственик Име на библиотеката, в която се намира в момента Статус (Текущо местоположение) Дата на вписване в системата Местоположение - отдел Цена в лева Инвентарен номер Систематично азбучна сигнатура Баркод Номер на екземпляра Цена в евро Служебна бележка Служебен тип на артикула
  Не е изгубен Universal Decimal Classification Не е повреден само за читалня ползва се в читалня 331359 Регионална библиотека "Любен Каравелов" Русе Регионална библиотека "Любен Каравелов" Русе Хранилище 1989-01-01 Хранилище 0.00 523169 Цб 28585 120000523169 1 0.00 N: стар фонд Дата: 01.01.1989 Книги
Изтеглен Не е изгубен Universal Decimal Classification Не е повреден без рестрикции заемане за дома 331360 Регионална библиотека "Любен Каравелов" Русе Регионална библиотека "Любен Каравелов" Русе Заемна - подръчен фонд 1989-01-01 Заемна - подръчен фонд 7.57 524819 П 581(497.2)/Ф 63 524819 2 3.87 N: стар фонд Дата: 01.01.1989 Дата инв: 02.02.2018 Бележки инв: П2018 Книги
Изтеглен Не е изгубен Universal Decimal Classification Не е повреден без рестрикции заемане за дома 331361 Регионална библиотека "Любен Каравелов" Русе Регионална библиотека "Любен Каравелов" Русе Заемна - подръчен фонд 1989-01-01 Заемна - подръчен фонд 7.57 524820 П 581(497.2)/Ф 63 524820 3 3.87 N: стар фонд Дата: 01.01.1989 Книги
Vip Innovations Ltd, Rousse, Bulgaria 2025